000 004220000a22001810004500
003 MACL
005 20160108121251.0
008 160108b xxu||||| |||| 00| 0 eng d
040 _aMACL
_cMACL
041 _aEnglish
082 _a910/HUR
100 _aHurlimann, Martin
_929510
245 _aParis
260 _bThames and Hudson
_c1954
_aLondon
350 _a17
650 _aTravel
_929511
942 _cBK
_k910/HUR
_2ddc
999 _c34751
_d34751